Normal view
MARC view
- Kaufer A
Entry Personal Name
001 - CONTROL NUMBER
- control field: 26870
003 - CONTROL NUMBER IDENTIFIER
- control field: OSt
005 - DATE AND TIME OF LATEST TRANSACTION
- control field: 20220803173011.0
008 - FIXED-LENGTH DATA ELEMENTS
- fixed length control field: 220803|| aca||aabn | a|a d
040 ## - CATALOGING SOURCE
- Original cataloging agency: OSt
- Transcribing agency: OSt
100 ## - HEADING--PERSONAL NAME
- Personal name: Kaufer A
670 ## - SOURCE DATA FOUND
- Source citation: Work cat.: (OSt)17123: Kaufer A., Landscape SubStance : Landscape Architecture And Regional Planning., 2014